00655nam a2200205Ia 4500008004100000020002000041041000800061082001800069100002000087245007900107260004500186300000800231365001200239650002100251650001800272700001800290942001200308999001900320952011000339140306s9999 xx 000 0 und d a81 242 0131 5 aeng a658bKRO/EN-1 aGoodwill, Steve aEncyclopaedia of practical management training : our door development V .1 aNew DelhibCrest Publishing Housec 1998 a136 bRs .470 aOutdoor industry aoutdoor media aKrouwel, Bill 2ddccBK c179466d179466 00102ddc4070aKAUCBVbKAUCBVd2004-03-02g470.00l0o658 KRO/EN-1r2014-03-22 00:00:00w2014-03-22yBK